• 首页
  • 本馆介绍
  • 公告通知
  • 最新文献
  • 馆藏检索
  • 电子资源
  • 读者导购
  • 参考咨询
  • 我的图书馆
  • 登录
  • 详细信息显示
  • 放入我的书架
  • 预约/预借图书
  • 作者相关作品
  • 分类相关作品
  • 丛书相关作品
  • 出版社相关作品

书目信息

  • 表格格式
  • 工作单格式
  • 卡片格式
题名:
道德与法治
    
 
作者: 鲁洁 总主编 ;金利 , 王必亚 , 寇彧 , 王世光 册主编
分册: 上册   五年级
出版信息: 北京   人民教育出版社  2019
页数: 91页
开本: 26cm
丛书名:
单 册:
中图分类: G624.101 , G624.151
科图分类:
主题词: 政治课--Zheng Zhi Ke--小学--教材
电子资源:
ISBN: 978-7-107-33513-6
000 00906nam0 2200289 450
001 538624
005 20241119173906.11
010    @a978-7-107-33513-6@dCNY6.00
100    @a20241025d2019 cemy0chiy50 ea
101 0  @achi
102    @aCN@b110000
105    @aa z 000yy
106    @ar
200 1  @a道德与法治@ADao De Yu Fa Zhi@i五年级@h上册@f鲁洁总主编
210    @a北京@c人民教育出版社@d2019@h2024重印
215    @a91页@c彩图@d26cm
300    @a义务教育教科书
606 0  @a政治课@AZheng Zhi Ke@x小学@j教材
690    @aG624.101@v5
690    @aG624.151@v4
701  0 @a鲁洁@ALu Jie@c(女,@f1930-)@4总主编
702  0 @a金利@AJin Li@c(教育)@4册主编
702  0 @a王必亚@AWang Bi Ya@4册主编
702  0 @a寇彧@AKou Yu@f(1963-)@4册主编
702  0 @a王世光@AWang Shi Guang@f(1975-)@4编写
801  0 @aCN@bAHXH@c20241025
905    @b214151399@b214151380@b214151371@dG624.151@e2942:5(1)@f3
    
    道德与法治.五年级.上册/鲁洁总主编.-北京:人民教育出版社,2019(2024重印)
    91页:彩图;26cm
    义务教育教科书
    
    ISBN 978-7-107-33513-6:CNY6.00
    
●
相关链接 在E读中查询图书 在五车中查询图书 在当当中查询图书 在豆瓣中查询图书


正题名:道德与法治     索取号:G624.151/2942:5(1)         预约/预借

序号 登录号 条形码 馆藏地/架位号 状态 备注
1 1415137   214151371   教育系资料室/ [索取号:G624.151/2942:5(1)] 在馆    
2 1415138   214151380   教育系资料室/ [索取号:G624.151/2942:5(1)] 在馆    
3 1415139   214151399   教育系资料室/ [索取号:G624.151/2942:5(1)] 在馆    
唐山师范学院图书馆 欢迎您!
大连网信软件有限公司© 版权所有